Orçamento público e contabilidade pública : (Record no. 861)
[ view plain ]
| 000 -LÍDER | |
|---|---|
| Campo Fixo de Controle | 01088nam a2200301 a 4500 |
| 001 - NÚMERO DE CONTROLE | |
| Campo de Controle | 861 |
| 003 - IDENTIFICAÇÃO DO NÚMERO DE CONTROLE | |
| Campo de Controle | BR-CuiBMT |
| 005 - DATA E HORA DA ÚLTIMA ATUALIZAÇÃO | |
| Campo de Controle | 20231121210146.0 |
| 008 - DADOS FIXOS | |
| Dados Fixos | 231121s2010 rjba 000 0 por d |
| 020 ## - INTERNATIONAL STANDARD BOOK NUMBER | |
| Nº do ISBN | 9788535238587 |
| 040 ## - AGÊNCIA CATALOGADORA | |
| Código da Agência Catalogadora | BR-CuiBMT |
| Agência que transcreveu o registro | BR-CuiBMT |
| 080 ## - Nº DA CLASSIFICAÇÃO DECIMAL UNIVERSAL | |
| Nº edição CDU | 2007 |
| Nº Class. CDU | 657:336.13 |
| 090 ## - NÚMERO DE CHAMADA | |
| Nº classificação | 657:336.13 |
| Cutter | C331o |
| Ano/Edição | 5. ed. |
| 100 1# - ENTRADA PRINCIPAL -- AUTOR PESSOAL | |
| Nome pessoal | Carvalho, Deusvaldo |
| 245 10 - TÍTULO PRINCIPAL | |
| Título principal | Orçamento público e contabilidade pública : |
| Subtítulo | teoria, prática e mais de 800 exercícios / |
| Indicação de responsabilidade | Deusvaldo Carvalho. |
| 250 ## - EDIÇÃO | |
| Edição | 5. ed., rev. e atual. |
| 260 ## - PUBLICAÇÃO, DISTRIBUIÇÃO, ETC. | |
| Local de publicação | São Paulo : |
| Editora | Elsevier, |
| Data | c2010. |
| 300 ## - DESCRIÇÃO FÍSICA | |
| N. páginas ou volumes | 768 p. : |
| Ilustrações | il. color. ; |
| Dimensões | 24 cm |
| 490 1# - INDICAÇÃO DE SÉRIE | |
| Título da série | Provas e concursos |
| 500 ## - NOTAS GERAIS | |
| Notas gerais | Edição, revista e atualizada de acordo com as novas regras de orçamento e contabilidade públicas editadas pela STN/CFC/MPOG. |
| 504 ## - NOTA DE BIBLIOGRAFIA, ETC. | |
| Nota de bibliografia | Inclui bibliografia. |
| 590 ## - NOTA LOCAL | |
| Nota local | A biblioteca possui a 4. reimpr. de 2010. |
| 650 ## - ASSUNTO TÓPICO | |
| Cabeçalho tópico ou nome geográfico | Contabilidade pública |
| Subdivisão geográfica | Brasil |
| 650 ## - ASSUNTO TÓPICO | |
| Cabeçalho tópico ou nome geográfico | Orçamento |
| Subdivisão geográfica | Brasil |
| 650 ## - ASSUNTO TÓPICO | |
| Cabeçalho tópico ou nome geográfico | Serviço público |
| Subdivisão de forma | concursos |
| Subdivisão geográfica | Brasil |
| 830 #0 - ENTRADA SECUNDÁRIA DE SÉRIE -- TÍTULO UNIFORME | |
| Título uniforme | Série Provas e Concursos |
| 942 ## - ELEMENTOS DE ENTRADA ADICIONAIS (KOHA) | |
| Fonte de classificação ou esquema de arquivamento | Classificação Decimal Universal |
| Tipo de item do Koha | Livros |
| Estado: removido | Estado: perdido | Fonte de classificação ou esquema de arquivamento | Estado: danificado | Indisponível para empréstimo | Localização permanente | Localização atual | Data de aquisição | Total Checkouts | Número de Chamada completo | Código de barras | Date last seen | Número do exemplar | Preço efetivo a partir de | Tipo de item (Koha) |
|---|---|---|---|---|---|---|---|---|---|---|---|---|---|---|
| Classificação Decimal Universal | Biblioteca da Escola Superior de Contas do TCE/MT | Biblioteca da Escola Superior de Contas do TCE/MT | 02/04/2013 | 657:336.13 C331o 5. ed. | BIBTCEMT23110803 | 21/11/2023 | Ex. 1 | 21/11/2023 | Livros |